000 00219 a2200097 4500
001 13787
100 _aLipschutz, S
245 _aTheory of Problems of Complex
260 _aLondon
_bMcGraw Hill
_c
090 _c10776
_d10776
942 _aNUST-CAE
_cM
_c865
999 _c248860
_d248860